000 00513nam a22001817a 4500
003 CEME
005 20210628202151.0
008 210209b xxu||||| |||| 00| 0 eng d
020 _a0-8493-2260-X
040 _c.
082 _a621.381 SHE
100 _aSheng , William.W ,Colino , Ronald .P
_958556
245 _aPower electronic modules ,design and manufacture
260 _aNEW YORK
_bCRC PRESS
_c2004
300 _a273P
650 _aPOWER SEMICONDUCTORS-DESIGN AND CONSTRUCTION
_958557
942 _cBK
_2ddc
999 _c568732
_d568732